| 000 | 00586nam a2200157 i 4500 | ||
|---|---|---|---|
| 001 | 26338 | ||
| 003 | ES-MaACL | ||
| 007 | t| | ||
| 008 | 030108s1919 fr ||||1| fre d | ||
| 100 | 1 |
_aArthuys, F. _923463 |
|
| 245 | 1 | 0 |
_aTraité des sociétés commerciales suivi d'un commentaire sur la faillite et de la liquidation judiciare des sociétés / _cpar F. Arthuys ; formulaire par E. Leconturier. |
| 260 |
_aParís : _b[s.n., _c1919] ( _eSaint-Dizier (Haute-Marne) : _fJ. Thevenot) |
||
| 300 |
_aVII, 309 p. ; _c23 cm. |
||
| 700 | 1 |
_aLeconturier, E. _971109 |
|
| 852 |
_aES-MaACL _jB-5612 |
||
| 999 |
_c26338 _d26338 |
||